Focus (Record no. 78594)

MARC details
000 -LEADER
fixed length control field 01011cab a22002175a 4500
001 - CONTROL NUMBER
control field L137417
008 - FIXED-LENGTH DATA ELEMENTS--GENERAL INFORMATION
fixed length control field 070404e20070317xxkado f 000 0 eng d
035 ## - SYSTEM CONTROL NUMBER
System control number (Sirsi) u137417
041 0# - LANGUAGE CODE
Language code of text/sound track or separate title eng
100 1# - MAIN ENTRY--PERSONAL NAME
Personal name Cunningham, Daniel
245 00 - TITLE STATEMENT
Title Focus
Remainder of title South Wales special
260 ## - PUBLICATION, DISTRIBUTION, ETC.
Date of publication, distribution, etc. 2007
490 #0 - SERIES STATEMENT
Series statement Estates Gazette
Volume/sequential designation 17 March 2007, 93-121(29)
520 ## - SUMMARY, ETC.
Summary, etc. Areas covered include: the effect on the local office market of the withdrawal of Barclays Bank from the Cardiff Gate development; the effect of both the leadership and changes in Welsh government on the property market; the redevelopment of the Swansea retail market; development opportunities for mixed-use schemes on the Barry waterfront; the effect of changes to the EU grant system on property; and development opportunities in Neath town centre.
590 ## - LOCAL NOTE (RLIN)
Local note KA
651 #4 - SUBJECT ADDED ENTRY--GEOGRAPHIC NAME
Geographic name Wales
Chronological subdivision 1998-2007
690 ## - LOCAL SUBJECT ADDED ENTRY--TOPICAL TERM (OCLC, RLIN)
Topical term or geographic name as entry element PROPERTY-COMMERCIAL PROPERTY-COMMERCIAL PROPERTY MARKET
700 1# - ADDED ENTRY--PERSONAL NAME
Personal name Faithfull, Mark
700 1# - ADDED ENTRY--PERSONAL NAME
Personal name Robson, Claire
942 ## - ADDED ENTRY ELEMENTS (KOHA)
Suppress in OPAC 0
Holdings
Withdrawn status Lost status Source of classification or shelving scheme Damaged status Not for loan Home library Current library Shelving location Date acquired Total Checkouts Full call number Barcode Date last seen Copy number Price effective from Koha item type
    Dewey Decimal Classification     London London Journal article 04/04/2007   L137417 137417-1001 06/08/2019 1 06/08/2019 Journal article